<?xml version="1.0" encoding="UTF-8"?>
<record
    xmlns:xsi="http://www.w3.org/2001/XMLSchema-instance"
    xsi:schemaLocation="http://www.loc.gov/MARC21/slim http://www.loc.gov/standards/marcxml/schema/MARC21slim.xsd"
    xmlns="http://www.loc.gov/MARC21/slim">

  <leader>00651nam a22001337a 4500</leader>
  <datafield tag="040" ind1=" " ind2=" ">
    <subfield code="c">rua</subfield>
  </datafield>
  <datafield tag="082" ind1=" " ind2=" ">
    <subfield code="a">AGR EAN 2021 B1-570 Or.</subfield>
  </datafield>
  <datafield tag="100" ind1=" " ind2=" ">
    <subfield code="a">EANG MUOYTEANG &#x17A2;&#x17C0;&#x1784; &#x1798;&#x17BD;&#x1799;&#x1791;&#x17C0;&#x1784;</subfield>
  </datafield>
  <datafield tag="245" ind1=" " ind2=" ">
    <subfield code="a">UTILIZATION OF POTASSIUM CHLORIDE FERTILIZER ON GROWTH AND YIELD OF EGGPLANT &#x1780;&#x17B6;&#x179A;&#x1794;&#x17D2;&#x179A;&#x17BE;&#x1794;&#x17D2;&#x179A;&#x17B6;&#x179F;&#x17CB;&#x1794;&#x17C9;&#x17BC;&#x178F;&#x17B6;&#x179F;&#x17D2;&#x1799;&#x17BC;&#x1798;&#x1780;&#x17D2;&#x179B;&#x179A;&#x17BD;&#x179B;&#x17BE;&#x1780;&#x17B6;&#x179A;&#x179B;&#x17BC;&#x178F;&#x179B;&#x17B6;&#x179F;&#x17CB; &#x1793;&#x17B7;&#x1784;&#x1791;&#x17B7;&#x1793;&#x17D2;&#x1793;&#x1795;&#x179B;&#x178A;&#x17C6;&#x178E;&#x17B6;&#x17C6;&#x178F;&#x17D2;&#x179A;&#x1794;&#x17CB;&#x179C;&#x17C2;&#x1784;</subfield>
  </datafield>
  <datafield tag="260" ind1=" " ind2=" ">
    <subfield code="a">PHNOM PENH</subfield>
    <subfield code="b">RUA</subfield>
    <subfield code="c">2021</subfield>
  </datafield>
  <datafield tag="300" ind1=" " ind2=" ">
    <subfield code="a">X. 41P</subfield>
    <subfield code="b">VII.</subfield>
    <subfield code="c">29CM</subfield>
  </datafield>
  <datafield tag="856" ind1=" " ind2=" ">
    <subfield code="u">https://drive.google.com/file/d/1kjLhJYiq-_DSDpauR0xLiD_DDeGzCbAo/view?usp=sharing</subfield>
  </datafield>
  <datafield tag="942" ind1=" " ind2=" ">
    <subfield code="c">AGR</subfield>
  </datafield>
  <datafield tag="999" ind1=" " ind2=" ">
    <subfield code="c">22764</subfield>
    <subfield code="d">22764</subfield>
  </datafield>
  <datafield tag="952" ind1=" " ind2=" ">
    <subfield code="0">0</subfield>
    <subfield code="1">0</subfield>
    <subfield code="2">ddc</subfield>
    <subfield code="4">0</subfield>
    <subfield code="6">AGR_EAN_2021_000000000000000_B1570_OR</subfield>
    <subfield code="7">0</subfield>
    <subfield code="9">97771</subfield>
    <subfield code="a">LBB</subfield>
    <subfield code="b">LBB</subfield>
    <subfield code="c">B1.570</subfield>
    <subfield code="d">2024-04-02</subfield>
    <subfield code="l">3</subfield>
    <subfield code="o">AGR EAN 2021 B1-570 Or.</subfield>
    <subfield code="p">a078443</subfield>
    <subfield code="r">2024-12-23</subfield>
    <subfield code="s">2024-12-09</subfield>
    <subfield code="w">2024-04-02</subfield>
    <subfield code="y">AGR</subfield>
  </datafield>
  <datafield tag="952" ind1=" " ind2=" ">
    <subfield code="0">0</subfield>
    <subfield code="1">0</subfield>
    <subfield code="2">ddc</subfield>
    <subfield code="4">0</subfield>
    <subfield code="6">AGR_EAN_2021_000000000000000_B1570_OR</subfield>
    <subfield code="7">0</subfield>
    <subfield code="9">97772</subfield>
    <subfield code="a">LBB</subfield>
    <subfield code="b">LBB</subfield>
    <subfield code="c">B1.570</subfield>
    <subfield code="d">2024-04-02</subfield>
    <subfield code="l">5</subfield>
    <subfield code="o">AGR EAN 2021 B1-570 Or.</subfield>
    <subfield code="p">a078371</subfield>
    <subfield code="r">2025-10-31</subfield>
    <subfield code="s">2025-07-28</subfield>
    <subfield code="w">2024-04-02</subfield>
    <subfield code="y">AGR</subfield>
  </datafield>
  <datafield tag="952" ind1=" " ind2=" ">
    <subfield code="0">0</subfield>
    <subfield code="1">0</subfield>
    <subfield code="2">ddc</subfield>
    <subfield code="4">0</subfield>
    <subfield code="6">AGR_EAN_2021_000000000000000_B1570_OR</subfield>
    <subfield code="7">0</subfield>
    <subfield code="9">97773</subfield>
    <subfield code="a">LBB</subfield>
    <subfield code="b">LBB</subfield>
    <subfield code="c">B1.570</subfield>
    <subfield code="d">2024-04-02</subfield>
    <subfield code="l">2</subfield>
    <subfield code="o">AGR EAN 2021 B1-570 Or.</subfield>
    <subfield code="p">a078388</subfield>
    <subfield code="r">2024-11-22</subfield>
    <subfield code="s">2024-11-07</subfield>
    <subfield code="w">2024-04-02</subfield>
    <subfield code="y">AGR</subfield>
  </datafield>
  <datafield tag="952" ind1=" " ind2=" ">
    <subfield code="0">0</subfield>
    <subfield code="1">0</subfield>
    <subfield code="2">ddc</subfield>
    <subfield code="4">0</subfield>
    <subfield code="6">AGR_EAN_2021_000000000000000_B1570_OR</subfield>
    <subfield code="7">0</subfield>
    <subfield code="9">97774</subfield>
    <subfield code="a">LBB</subfield>
    <subfield code="b">LBB</subfield>
    <subfield code="c">B1.570</subfield>
    <subfield code="d">2024-04-02</subfield>
    <subfield code="l">1</subfield>
    <subfield code="o">AGR EAN 2021 B1-570 Or.</subfield>
    <subfield code="p">a078328</subfield>
    <subfield code="r">2024-11-07</subfield>
    <subfield code="s">2024-11-01</subfield>
    <subfield code="w">2024-04-02</subfield>
    <subfield code="y">AGR</subfield>
  </datafield>
</record>
